[Event "Orsha op-A 21st"]
[Site "Orsha"]
[Date "2023.01.19"]
[Round "1"]
[White "Baybaratskiy, Kirill A"]
[Black "Stupak, Kirill"]
[Result "0-1"]
[WhiteElo "1543"]
[BlackElo "2453"]
[PlyCount "96"]
[EventDate "2023.01.19"]
[EventType "swiss"]
[EventRounds "9"]
[EventCountry "BLR"]
[SourceTitle "CBM 212 Extra"]
[Source "ChessBase"]
[SourceDate "2023.03.31"]
[SourceVersion "1"]
[SourceVersionDate "2023.03.31"]
[SourceQuality "1"]

1. e4 c6 2. d4 d5 3. e5 c5 4. dxc5 Nc6 5. f4 e6 6. Be3 d4 7. Bf2 Bxc5 8. Nd2 Nge7 9. a3 Nd5 10. Ne4 Be7 11. Qd2 Qb6 12. 0-0-0 Nc3 13. Qxc3 dxc3 14. Bxb6 cxb2+ 15. Kxb2 axb6 16. Nd6+ Bxd6 17. Rxd6 Ke7 18. Rd2 Bd7 19. Bc4 Ra4 20. Bd3 Rxf4 21. g3 Ra4 22. Nf3 Rha8 23. Ra1 h6 24. Re2 Nd4 25. Nxd4 Rxd4 26. Be4 Bc6 27. Bxc6 bxc6 28. c3 Rd5 29. Rae1 Rb5+ 30. Kc2 Rxa3 31. Kd3 Rd5+ 32. Kc2 Rc5 33. Kb2 Rcxc3 34. Rd2 Rcb3+ 35. Kc2 Rb5 36. Red1 Ra2+ 37. Kc3 Rxd2 38. Rxd2 Rxe5 39. Ra2 b5 40. Ra7+ Kf6 41. Rc7 Rc5+ 42. Kd3 b4 43. Rb7 Rb5 44. Rxb5 cxb5 45. Kc2 e5 46. Kb3 e4 47. Kxb4 e3 48. Kc3 b4+ 0-1